000 00224nam a2200097Ia 4500
008 240331s9999 xx 000 0 und d
082 _a303.4
_bPRO
100 _aGusfield, J.R
245 0 _aProtest, reform and revolt
942 _cL
999 _c1222
_d1222